Tower of God - Urek Mazino - Statistiques

Statistiques générales
  • Ce quiz a été pris 10 fois
  • Le résultat moyen est 7 sur 11
Statistiques - réponses
Questions Réponses % Correct
Quelle est sa place au classement RAO ? 4
100%
Comment appelle-t-il les personnes plus faibles que lui ? Baby
78%
De quel groupe est-il le co-fondateur ? Wolhaiksong
78%
De quelle Princesse de Zahard (actuellement classée Blue Hole) semble-t-il épris ? Garam Zahard
67%
A quelle position a-t-il été affecté ? Pêcheur
67%
Quel est le but du groupe ? Sortir de la Tour
67%
Qui est son meilleur ami et fondateur du groupe ? Baek Ryun
56%
Qui poursuivait-il quand il est entré dans la Tour ? Phantaminum
56%
En combien de temps a-t-il grimpé la Tour ? 50 ans
44%
De quoi est inspiré son nom de famille, Mazino ? Ligne Maginot
33%
Qui a-t-il capturé pour faire monter son rang au classement, finalement sans succès ? Robert Aisand
33%
Aucun quiz correspondant
Distribution des résultats
% des personnes avec chaque résultat
Percentile par nombre de réponses
Votre historique - résultats
Vous n’avez pas pris ce quiz